|
|
|
|
| LEADER |
00000nam0a2200000 4500 |
| 001 |
678268 |
| 005 |
20250121104506.0 |
| 090 |
|
|
|a 678268
|
| 100 |
|
|
|a 20250120d1979 m||y0rusy50 ba
|
| 101 |
1 |
|
|a ger
|c rus
|
| 102 |
|
|
|a RU
|a DE
|
| 105 |
|
|
|a ac z 001yy
|
| 181 |
|
0 |
|a i
|b e
|
| 182 |
|
0 |
|a n
|
| 183 |
|
0 |
|a nc
|2 RDAcarrier
|
| 200 |
1 |
|
|a Vom Ather zum Feld : Eine populare Geschichte der Physik von der Vergangenheit bis zur Gegenwart
|f W. I. Rydnik
|
| 203 |
|
|
|a Текст
|b визуальный
|c непосредственный
|
| 210 |
|
|
|a Moskau
|a Leipzig
|c Mir
|c Veb Fachbuchverlag
|d 1979
|
| 215 |
|
|
|a 208 s.
|c 8 il.
|e mit 16 bildern
|
| 283 |
|
|
|a volume
|2 RDAcarrier
|
| 320 |
|
|
|a Bildnachweis: s. 208
|
| 517 |
1 |
|
|a Поле
|z rus
|
| 541 |
|
|
|a От эфира к полю
|z rus
|
| 606 |
1 |
|
|a Физика
|x История
|9 61950
|
| 610 |
1 |
|
|a теоретическая физика
|
| 610 |
1 |
|
|a эфир
|
| 610 |
1 |
|
|a поле
|
| 610 |
1 |
|
|a физические понятия
|
| 610 |
1 |
|
|a притяжение
|
| 610 |
1 |
|
|a электрические заряды
|
| 610 |
1 |
|
|a массы
|
| 610 |
1 |
|
|a магниты
|
| 610 |
1 |
|
|a физики
|
| 675 |
|
|
|a 53(09)
|v 4
|
| 700 |
|
1 |
|a Rydnik
|b W. I.
|
| 801 |
|
0 |
|a RU
|b 63413507
|c 20250120
|
| 830 |
|
|
|a Ретро2025Каталогизация Кузнецова
|
| 850 |
|
|
|a 63413507
|
| 942 |
|
|
|c BK
|